Essential law for information professionals / (Record no. 650)

000 -LEADER
fixed length control field 00970cam a22002777a 4500
001 - CONTROL NUMBER
control field 13335486
003 - CONTROL NUMBER IDENTIFIER
control field OSt
005 - DATE AND TIME OF LATEST TRANSACTION
control field 20140116120834.0
008 - FIXED-LENGTH DATA ELEMENTS--GENERAL INFORMATION
fixed length control field 021106s2003 enka b 001 0 eng d
020 ## - INTERNATIONAL STANDARD BOOK NUMBER
International Standard Book Number 9781856045520
040 ## - CATALOGING SOURCE
Transcribing agency UKM
050 00 - LIBRARY OF CONGRESS CALL NUMBER
Classification number KD3756.P43 2006
100 1# - MAIN ENTRY--PERSONAL NAME
Personal name Pedley, Paul.
245 10 - TITLE STATEMENT
Title Essential law for information professionals /
Statement of responsibility, etc Paul Pedley.
260 ## - PUBLICATION, DISTRIBUTION, ETC. (IMPRINT)
Place of publication, distribution, etc London :
Name of publisher, distributor, etc Facet Publishing,
Date of publication, distribution, etc 2003.
300 ## - PHYSICAL DESCRIPTION
Extent xxv, 278 p. :
Other physical details ill.
504 ## - BIBLIOGRAPHY, ETC. NOTE
Bibliography, etc Includes bibliographical references and index.
650 #0 - SUBJECT ADDED ENTRY--TOPICAL TERM
Topical term or geographic name as entry element Information services
General subdivision Law and legislation
Geographic subdivision Great Britain.
650 #0 - SUBJECT ADDED ENTRY--TOPICAL TERM
Topical term or geographic name as entry element Freedom of information
Geographic subdivision Great Britain.
650 #0 - SUBJECT ADDED ENTRY--TOPICAL TERM
Topical term or geographic name as entry element Copyright
Geographic subdivision Great Britain.
650 #0 - SUBJECT ADDED ENTRY--TOPICAL TERM
Topical term or geographic name as entry element Data protection
General subdivision Law and legislation
Geographic subdivision Great Britain.
650 #0 - SUBJECT ADDED ENTRY--TOPICAL TERM
Topical term or geographic name as entry element Library legislation
Geographic subdivision Great Britain.
906 ## - LOCAL DATA ELEMENT F, LDF (RLIN)
a 7
b cbc
c copycat
d 3
e ncip
f 20
g y-gencatlg
942 ## - ADDED ENTRY ELEMENTS (KOHA)
Source of classification or shelving scheme
Koha item type Book
Holdings
Withdrawn status Lost status Source of classification or shelving scheme Damaged status Not for loan Home library Current library Date acquired Source of acquisition Total Checkouts Full call number Barcode Date last seen Date checked out Copy number Price effective from Koha item type Total Renewals
          Riara University Library Riara University Library 26/10/2011 Purchase 2 KD3756.P43 2006 1442/11 06/04/2023 31/03/2023 C.1 26/10/2011 Book  
          Riara University Library Riara University Library 26/10/2011 Purchase 10 KD3756.P43 2006 1440/11 17/09/2018 20/08/2018 C.2 26/10/2011 Book 8
          Riara University Library Riara University Library 26/10/2011 Purchase 1 KD3756.P43 2006 1441/11 03/03/2020 24/02/2020 C.3 26/10/2011 Book  

Riara University Library,
P.O. Box 49940-00100,
Nairobi, Kenya.